| 000 | 00797nam0a2200253 4500 | ||
|---|---|---|---|
| 001 | RU\NLR\BIBL_A\011965162 | ||
| 005 | 20250626160948.0 | ||
| 010 |
_a978-5-907003-46-0 _91000 |
||
| 035 | _a(NLR Aleph) 011965162 | ||
| 090 |
_a11226131 _c11226131 |
||
| 100 | _a20190320d2018 |||y0rusy50 ca | ||
| 101 | 0 | _arus | |
| 102 | _aRU | ||
| 105 | _aa z 000zd | ||
| 200 | 1 |
_aЗдесь люди. Дневник _e[о Донбассе 2014 года] _fЕвдокия Шереметьева |
|
| 210 |
_aМосква _cПрометей _d2018 |
||
| 215 |
_a153, [2] c. _cил., цв. ил. _d21 |
||
| 686 | 2 | _aШ6(2=Р)8-491 | |
| 700 | 1 |
_aШереметьева _bЕ. _gЕвдокия |
|
| 942 | _cBOOK | ||
| 980 | _aNB | ||